logo

Bir Sreshtho Munshi Abdur Rouf Library
Jhenaidah Cadet College

Organizing plain & simple / (Record no. 7024)

MARC details
000 -LEADER
fixed length control field 01633cam a22003254a 4500
001 - CONTROL NUMBER
JCCL Control Number 7024
003 - CONTROL NUMBER IDENTIFIER
JCCL marc code BD-JhCC
005 - DATE AND TIME OF LATEST TRANSACTION
control field 20180204105424.0
008 - FIXED-LENGTH DATA ELEMENTS--GENERAL INFORMATION
fixed length control field 020204s2002 maua b 001 0 eng
020 ## - INTERNATIONAL STANDARD BOOK NUMBER
International Standard Book Number 1580174485 (pbk. : alk. paper)
035 ## - SYSTEM CONTROL NUMBER
system control number (BD-JhCC)7024
040 ## - CATALOGING SOURCE
Original cataloging agency DLC
Transcribing agency DLC
Modifying agency DLC
041 ## - LANGUAGE CODE
Language code of Book eng
050 00 - LIBRARY OF CONGRESS CALL NUMBER
Classification number TX147
Item number .S6224 2002
082 00 - DEWEY DECIMAL CLASSIFICATION NUMBER
Classification number 640
DDC Edition number 21
Author mark and Year SMA 2002
100 1# - MAIN ENTRY--PERSONAL NAME
Personal name Smallin, Donna,
Dates associated with a name 1960-
245 10 - TITLE STATEMENT
Title Organizing plain & simple /
Statement of responsibility, etc by Donna Smallin.
246 3# - VARYING FORM OF TITLE
Title proper/short title Organizing plain and simple
260 ## - PUBLICATION, DISTRIBUTION, ETC. (IMPRINT)
Place of publication, distribution, etc North Adams, MA :
Name of publisher, distributor, etc Storey Books,
Date of publication, distribution, etc c2002.
300 ## - PHYSICAL DESCRIPTION
Pagination x, 309 p. ;
Other physical details ill. (some col.) ;
Dimensions 24 cm.
500 ## - GENERAL NOTE
General note Includes bibliographical references and index.
505 0# - FORMATTED CONTENTS NOTE
Formatted contents note Getting started. First things. Uncluttering your home. Organizing basics. Staying organized -- Organizing room by room. Entryways. Kitchen and dining area. Family room. Bedroom. Kids' rooms. Bathroom. The office. Storage and utility areas -- Organizing finances. Managing your money. Spending and debt. Savings and investments. Living on less -- Organizing time. Managing yourself. Organizing your work. Balancing home and work -- Organizing home life. Organizing your family. Organizing to go. Managing your household. Organizing for safety -- Organizing transitions. Organizing for the seasons. Moving. New beginnings. Organizing your estate.
650 #0 - SUBJECT ADDED ENTRY--TOPICAL TERM
Topical term or geographic name as entry element Home economics.
650 #0 - SUBJECT ADDED ENTRY--TOPICAL TERM
Topical term or geographic name as entry element Time management.
650 #0 - SUBJECT ADDED ENTRY--TOPICAL TERM
Topical term or geographic name as entry element Storage in the home.
650 #0 - SUBJECT ADDED ENTRY--TOPICAL TERM
Topical term or geographic name as entry element Organization.
856 42 - ELECTRONIC LOCATION AND ACCESS
Materials specified Publisher description
Uniform Resource Identifier http://www.loc.gov/catdir/enhancements/fy0713/2002001586-d.html
942 ## - ADDED ENTRY ELEMENTS (KOHA)
Source of classification or shelving scheme Dewey Decimal Classification
Koha item type Books
Holdings
Source of classification or shelving scheme Damaged status Not for loan Home library Current library Shelving location Total Checkouts Full call number Barcode Date last seen Copy number Koha item type
Dewey Decimal Classification     JCC Rouf Library JCC Rouf Library General Stacks   640 SMA 2002 9685 02/04/2018 C - 1 Books

JCC Library | Contacts | JCC Home

Last Update on 23 September 2017
Copyright @ 2017-2020 JCC Rouf Library
Rouf Library, Jhenidah Cadet College (JCC), Bangladesh